Estructuras algebraicas II: algebra lineal
Zapisane w:
| 1. autor: | |
|---|---|
| Format: | Książka |
| Język: | hiszpański |
| Wydane: |
Washington, D.C
Secretaría General de la Organización de los Estados Americanos
1979
|
| Wydanie: | 2a. ed |
| Seria: | Serie de Matemática. Monografía, 12
|
| Hasła przedmiotowe: | |
| Etykiety: |
Dodaj etykietę
Nie ma etykietki, Dołącz pierwszą etykiete!
|
MARC
| LEADER | 00000nam a2200000 a 4500 | ||
|---|---|---|---|
| 001 | UCW0888 | ||
| 003 | CL-VaPUC | ||
| 008 | 891129e19790000US |||||||||||||||||spa|d | ||
| 082 | 0 | 4 | |a 512.5 |b GEN |2 21 |
| 100 | |a Gentile, Enzo R |e author |9 422291 | ||
| 245 | 1 | 0 | |a Estructuras algebraicas II: algebra lineal |
| 250 | |a 2a. ed | ||
| 300 | |a 168 p | ||
| 942 | |c BK | ||
| 945 | |d 19891129 00:00:00 | ||
| 260 | |a Washington, D.C |b Secretaría General de la Organización de los Estados Americanos |c 1979 | ||
| 650 | 0 | |a Álgebra lineal |9 260445 | |
| 583 | |a last modification |c 19891129 00:00:00 |k Rodrigo Vera | ||
| 490 | 0 | |a Serie de Matemática. Monografía, 12 | |
| 999 | |c 215915 |d 215913 | ||
| 952 | |0 0 |1 0 |4 0 |6 512_500000000000000_GEN_1979 |7 0 |8 A |9 201134 |a BIBMAT |b BIBMAT |d 2019-11-14 |i 2683024 |o 512.5 GEN 1979 |p 2683024 |r 2025-01-07 |w 2019-11-14 |y BK |k MAT | ||